| 000 | 00356nam a2200121Ia 4500 | ||
|---|---|---|---|
| 008 | 210430s9999 xx 000 0 und d | ||
| 082 | _a954.92051 N5774 B | ||
| 100 |
_aLt.Gen.A.A.K.Niazi _953690 |
||
| 245 | 4 |
_aThe Betrayal of East Pakistan _cLt.Gen.A.A.K.Niazi |
|
| 260 |
_aPakistan _bOXFORD Pakistan Paperbacks _c2009 |
||
| 300 | _a321p | ||
| 942 |
_cBK _2ddc |
||
| 999 |
_c563860 _d563860 |
||